000 00727nam a2200229Ia 4500
003 GCL
008 140319s9999 xx 000 0 ara d
020 _a109215977X
040 _aGCL /
_cGCL
082 0 4 _a301
_bط م
100 1 _aطلعت ابراهيم لطفى
245 1 0 _aمدخل الى علم الاجتماع /
_cطلعت ابراهيم لطفى
300 _a78 ص ؛
_c24 سم
650 0 4 _aالمجتمع
650 0 4 _aالعلوم الاجتماعية
650 0 4 _aالتنمية الاجتماعية
650 0 4 _aالانثربولوجيا
650 0 4 _aالتغير الاجتماعى
650 0 4 _aالدراسات الاجتماعية
650 0 4 _aالاجتماع، علم
942 _2ddc
_cBK
999 _c41000
_d41000